| 000 | 00362nam a2200145 i 4500 | ||
|---|---|---|---|
| 001 | bg | ||
| 245 | 2 |
_aA comprehensive grammar of the English language / _cRandolph Quirk [et al.]. |
|
| 260 |
_aLondon, _c1991. |
||
| 700 | 1 | _aQuirk, Randolph. | |
| 040 | _cBPK | ||
| 041 | _apol | ||
| 080 | _a802.0-5 | ||
| 942 | _cKS | ||
| 008 | s pl f |000 0 pol | ||
| 999 |
_c29590 _d29590 |
||
| 856 |
_uhttp://koha.tu.koszalin.pl/cgi-bin/koha/opac-detail.pl?biblionumber=29590 _yKatalog online BPK |
||